Telephone directory.
| Format: | Book |
|---|---|
| Published: |
Seoul:
Korea Telecommunication Authority,
1990.
|
| Subjects: |
| LEADER | 00428cam a2200157 7i4500 | ||
|---|---|---|---|
| 001 | 0000002420 | ||
| 005 | 19991025090000.0 | ||
| 002 | ##000003554 | ||
| 020 | 0 | 0 | |a T000003562 |
| 090 | 0 | 0 | |a 00.07.01 |b KOR |
| 245 | 0 | 0 | |a Telephone directory. |
| 260 | 0 | 0 | |a Seoul: |b Korea Telecommunication Authority, |c 1990. |
| 300 | 0 | 0 | |a 525p. |
| 650 | 0 | 0 | |a Telephone -- |x Directories |
| 651 | 0 | 0 | |a Korea |
| 999 | |a 0000004064 |b Book |c Reference |e Business Information Centre | ||